[Event "Campeonato España Sub 10"]
[Site "Salobreña"]
[Date "2017.07.07"]
[Round "7"]
[White "Garijo Perez, Hugo"]
[Black "Ano Pla, Gerard"]
[Result "0-1"]
[Board "1"]
[WhiteElo "1392"]
[WhiteCountry "ESP"]
[WhiteFideId "24533033"]
[WhiteEloChange "-2"]
[BlackElo "1741"]
[BlackCountry "ESP"]
[BlackFideId "24560561"]
[BlackEloChange "2"]

1. e4 {[%clk 1:30:30]} c6 {[%clk 1:30:30]} 2. d4 {[%clk 1:30:30]} d5 {[%clk
1:30:30]} 3. exd5 {[%clk 1:30:30]} cxd5 {[%clk 1:30:30]} 4. Bd3 {[%clk 1:30:30]}
Nc6 {[%clk 1:30:30]} 5. c3 {[%clk 1:30:30]} Nf6 {[%clk 1:30:30]} 6. Bf4 {[%clk
1:30:30]} g6 {[%clk 1:30:30]} 7. Ne2 {[%clk 1:30:30]} Bg7 {[%clk 1:30:30]} 8. O-O
{[%clk 1:30:30]} O-O {[%clk 1:30:30]} 9. Re1 {[%clk 1:30:30]} Re8 {[%clk
1:30:30]} 10. Ng3 {[%clk 1:30:30]} Bg4 {[%clk 1:30:30]} 11. f3 {[%clk 1:30:30]}
Bd7 {[%clk 1:30:30]} 12. Nd2 {[%clk 1:30:30]} e6 {[%clk 1:30:30]} 13. Nb3 {[%clk
1:30:30]} Bc8 {[%clk 1:30:30]} 14. Nc5 {[%clk 1:30:30]} Nd7 {[%clk 1:30:30]} 15.
Nxd7 {[%clk 1:30:30]} Bxd7 {[%clk 1:30:30]} 16. Qb3 {[%clk 1:30:30]} Na5 {[%clk
1:30:30]} 17. Qc2 {[%clk 1:30:30]} Rc8 {[%clk 1:30:30]} 18. Qf2 {[%clk 1:30:30]}
Qb6 {[%clk 1:30:30]} 19. Rac1 {[%clk 1:30:30]} Bb5 {[%clk 1:30:30]} 20. Bxb5
{[%clk 1:30:30]} Qxb5 {[%clk 1:30:30]} 21. Qe2 {[%clk 1:30:30]} Qb6 {[%clk
1:30:30]} 22. b3 {[%clk 1:30:30]} Rc6 {[%clk 1:30:30]} 23. Rc2 {[%clk 1:30:30]}
Rec8 {[%clk 1:30:30]} 24. Rec1 {[%clk 1:30:30]} Qd8 {[%clk 1:30:30]} 25. Be3
{[%clk 1:30:30]} b6 {[%clk 1:30:30]} 26. Qd3 {[%clk 1:30:30]} Qd6 {[%clk
1:30:30]} 27. Ne2 {[%clk 1:30:30]} Qd7 {[%clk 1:30:30]} 28. c4 {[%clk 1:30:30]}
dxc4 {[%clk 1:30:30]} 29. bxc4 {[%clk 1:30:30]} Rd8 {[%clk 1:30:30]} 30. Rd1
{[%clk 1:30:30]} Rd6 {[%clk 1:30:30]} 31. Rcd2 {[%clk 1:30:30]} Nc6 {[%clk
1:30:30]} 32. Qc3 {[%clk 1:30:30]} Ne7 {[%clk 1:30:30]} 33. g4 {[%clk 1:30:30]}
Rc8 {[%clk 1:30:30]} 34. Qb3 {[%clk 1:30:30]} Nc6 {[%clk 1:30:30]} 35. Qb5 {[%clk
1:30:30]} Qb7 {[%clk 1:30:30]} 36. c5 {[%clk 1:30:30]} Rdd8 {[%clk 1:30:30]} 37.
Bf4 {[%clk 1:30:30]} Ne7 {[%clk 1:30:30]} 38. Kg2 {[%clk 1:30:30]} Nd5 {[%clk
1:30:30]} 39. cxb6 {[%clk 1:30:30]} axb6 {[%clk 1:30:30]} 40. Qb3 {[%clk
1:30:30]} Rd7 {[%clk 1:30:30]} 41. Rc2 {[%clk 1:30:30]} Rcd8 {[%clk 1:30:30]} 42.
Bc1 {[%clk 1:30:30]} Nc7 {[%clk 1:30:30]} 43. Rcd2 {[%clk 1:30:30]} Bh6 {[%clk
1:30:30]} 44. Rd3 {[%clk 1:30:30]} Bxc1 {[%clk 1:30:30]} 45. Nxc1 {[%clk
1:30:30]} Nd5 {[%clk 1:30:30]} 46. Ne2 {[%clk 1:30:30]} Rc8 {[%clk 1:30:30]} 47.
R1d2 {[%clk 1:30:30]} Rdc7 {[%clk 1:30:30]} 48. Kf2 {[%clk 1:30:30]} Qb8 {[%clk
1:30:30]} 49. Kg2 {[%clk 1:30:30]} Nf6 {[%clk 1:30:30]} 50. Rb2 {[%clk 1:30:30]}
Rc6 {[%clk 1:30:30]} 51. Rc3 {[%clk 1:30:30]} Qb7 {[%clk 1:30:30]} 52. Rxc6
{[%clk 1:30:30]} Rxc6 {[%clk 1:30:30]} 53. Kf2 {[%clk 1:30:30]} Qc7 {[%clk
1:30:30]} 54. Ng3 {[%clk 1:30:30]} Nd5 {[%clk 1:30:30]} 55. Nf1 {[%clk 1:30:30]}
Rc3 {[%clk 1:30:30]} 56. Qd1 {[%clk 1:30:30]} Qf4 {[%clk 1:30:30]} 57. Qd2 {[%clk
1:30:30]} Qc7 {[%clk 1:30:30]} 58. Qd1 {[%clk 1:30:30]} Qf4 {[%clk 1:30:30]} 59.
Qd2 {[%clk 1:30:30]} Rxf3+ {[%clk 1:30:30]} 60. Kg2 {[%clk 1:30:30]} Rxf1 {[%clk
1:30:30]} 61. Qxf4 {[%clk 1:30:30]} Rxf4 {[%clk 1:30:30]} 62. Rd2 {[%clk
1:30:30]} Rxg4+ {[%clk 1:30:30]} 63. Kf3 {[%clk 1:30:30]} f5 {[%clk 1:30:30]} 64.
h3 {[%clk 1:30:30]} Rf4+ {[%clk 1:30:30]} 65. Kg3 {[%clk 1:30:30]} Kf7 {[%clk
1:30:30]} 0-1

[Event "Campeonato España Sub 10"]
[Site "Salobreña"]
[Date "2017.07.07"]
[Round "7"]
[White "Vergara Anton, Diego"]
[Black "Macias Pino, Diego"]
[Result "1/2-1/2"]
[Board "2"]
[WhiteElo "1628"]
[WhiteCountry "ESP"]
[WhiteFideId "24524310"]
[WhiteEloChange "3"]
[BlackElo "1732"]
[BlackCountry "ESP"]
[BlackFideId "24529133"]
[BlackEloChange "-3"]

1. d4 {[%clk 1:30:30]} Nf6 {[%clk 1:30:30]} 2. c4 {[%clk 1:30:30]} e6 {[%clk
1:30:30]} 3. Nf3 {[%clk 1:30:30]} b6 {[%clk 1:30:30]} 4. g3 {[%clk 1:30:30]} Bb7
{[%clk 1:30:30]} 5. Bg2 {[%clk 1:30:30]} Be7 {[%clk 1:30:30]} 6. O-O {[%clk
1:30:30]} O-O {[%clk 1:30:30]} 7. Nc3 {[%clk 1:30:30]} d5 {[%clk 1:30:30]} 8.
cxd5 {[%clk 1:30:30]} Nxd5 {[%clk 1:30:30]} 9. Nxd5 {[%clk 1:30:30]} exd5 {[%clk
1:30:30]} 10. Bf4 {[%clk 1:30:30]} Nc6 {[%clk 1:30:30]} 11. Rc1 {[%clk 1:30:30]}
Qd7 {[%clk 1:30:30]} 12. Qc2 {[%clk 1:30:30]} Rac8 {[%clk 1:30:30]} 13. a3 {[%clk
1:30:30]} Bd6 {[%clk 1:30:30]} 14. Bxd6 {[%clk 1:30:30]} Qxd6 {[%clk 1:30:30]}
15. Ng5 {[%clk 1:30:30]} Qh6 {[%clk 1:30:30]} 16. Nf3 {[%clk 1:30:30]} Rfe8
{[%clk 1:30:30]} 17. e3 {[%clk 1:30:30]} a5 {[%clk 1:30:30]} 18. Rfd1 {[%clk
1:30:30]} Na7 {[%clk 1:30:30]} 19. Ne5 {[%clk 1:30:30]} Qe6 {[%clk 1:30:30]} 20.
Nd3 {[%clk 1:30:30]} g5 {[%clk 1:30:30]} 21. Qe2 {[%clk 1:30:30]} Nc6 {[%clk
1:30:30]} 22. Qh5 {[%clk 1:30:30]} h6 {[%clk 1:30:30]} 23. Qf3 {[%clk 1:30:30]}
Ne7 {[%clk 1:30:30]} 24. Qe2 {[%clk 1:30:30]} Nf5 {[%clk 1:30:30]} 25. Qd2 {[%clk
1:30:30]} Nd6 {[%clk 1:30:30]} 26. b3 {[%clk 1:30:30]} Ne4 {[%clk 1:30:30]} 27.
Qb2 {[%clk 1:30:30]} Qf5 {[%clk 1:30:30]} 28. Rc2 {[%clk 1:30:30]} c6 {[%clk
1:30:30]} 29. Rdc1 {[%clk 1:30:30]} Nxg3 {[%clk 1:30:30]} 30. Ne5 {[%clk
1:30:30]} Nh5 {[%clk 1:30:30]} 31. Nxc6 {[%clk 1:30:30]} Bxc6 {[%clk 1:30:30]}
32. Rxc6 {[%clk 1:30:30]} Rxc6 {[%clk 1:30:30]} 33. Rxc6 {[%clk 1:30:30]} Qg4
{[%clk 1:30:30]} 34. Qc2 {[%clk 1:30:30]} Nf4 {[%clk 1:30:30]} 35. f3 {[%clk
1:30:30]} Qxg2+ {[%clk 1:30:30]} 36. Qxg2 {[%clk 1:30:30]} Nxg2 {[%clk 1:30:30]}
37. Kxg2 {[%clk 1:30:30]} Rxe3 {[%clk 1:30:30]} 38. Rxb6 {[%clk 1:30:30]} a4
{[%clk 1:30:30]} 39. bxa4 {[%clk 1:30:30]} Rxa3 {[%clk 1:30:30]} 40. Rb5 {[%clk
1:30:30]} Rxa4 {[%clk 1:30:30]} 41. Rxd5 {[%clk 1:30:30]} Kg7 {[%clk 1:30:30]}
42. Kg3 {[%clk 1:30:30]} Kg6 {[%clk 1:30:30]} 43. h4 {[%clk 1:30:30]} f6 {[%clk
1:30:30]} 44. hxg5 {[%clk 1:30:30]} hxg5 {[%clk 1:30:30]} 45. Rd8 {[%clk
1:30:30]} Kf5 {[%clk 1:30:30]} 46. Rd5+ {[%clk 1:30:30]} Kg6 {[%clk 1:30:30]} 47.
f4 {[%clk 1:30:30]} gxf4+ {[%clk 1:30:30]} 48. Kxf4 {[%clk 1:30:30]} Rc4 {[%clk
1:30:30]} 49. Rd8 {[%clk 1:30:30]} Rc1 {[%clk 1:30:30]} 50. d5 {[%clk 1:30:30]}
Rd1 {[%clk 1:30:30]} 51. d6 {[%clk 1:30:30]} Kf7 {[%clk 1:30:30]} 52. Kf5 {[%clk
1:30:30]} Rd5+ {[%clk 1:30:30]} 53. Ke4 {[%clk 1:30:30]} Rd1 {[%clk 1:30:30]} 54.
Kf5 {[%clk 1:30:30]} Rd5+ {[%clk 1:30:30]} 55. Ke4 {[%clk 1:30:30]} Rd1 {[%clk
1:30:30]} 1/2-1/2

[Event "Campeonato España Sub 10"]
[Site "Salobreña"]
[Date "2017.07.07"]
[Round "7"]
[White "Habans Aguerrea, Javier"]
[Black "Villagordo Espinosa, Carlos"]
[Result "1-0"]
[Board "3"]
[WhiteElo "1676"]
[WhiteCountry "ESP"]
[WhiteFideId "24524689"]
[WhiteEloChange "6"]
[BlackElo "1527"]
[BlackCountry "ESP"]
[BlackFideId "24528943"]
[BlackEloChange "-6"]

1. e4 {[%clk 1:30:30]} c6 {[%clk 1:30:30]} 2. Nf3 {[%clk 1:30:30]} d5 {[%clk
1:30:30]} 3. Nc3 {[%clk 1:30:30]} Nf6 {[%clk 1:30:30]} 4. exd5 {[%clk 1:30:30]}
cxd5 {[%clk 1:30:30]} 5. d4 {[%clk 1:30:30]} Nc6 {[%clk 1:30:30]} 6. Bf4 {[%clk
1:30:30]} Bg4 {[%clk 1:30:30]} 7. Bb5 {[%clk 1:30:30]} a6 {[%clk 1:30:30]} 8.
Bxc6+ {[%clk 1:30:30]} bxc6 {[%clk 1:30:30]} 9. h3 {[%clk 1:30:30]} Bxf3 {[%clk
1:30:30]} 10. Qxf3 {[%clk 1:30:30]} Qb6 {[%clk 1:30:30]} 11. Be5 {[%clk 1:30:30]}
Qxb2 {[%clk 1:30:30]} 12. O-O {[%clk 1:30:30]} Qxc2 {[%clk 1:30:30]} 13. Rfc1
{[%clk 1:30:30]} Qg6 {[%clk 1:30:30]} 14. Na4 {[%clk 1:30:30]} Nd7 {[%clk
1:30:30]} 15. Bh2 {[%clk 1:30:30]} Rc8 {[%clk 1:30:30]} 16. Qxd5 {[%clk 1:30:30]}
e5 {[%clk 1:30:30]} 17. Qf3 {[%clk 1:30:30]} exd4 {[%clk 1:30:30]} 18. Re1+
{[%clk 1:30:30]} Be7 {[%clk 1:30:30]} 19. Qe2 {[%clk 1:30:30]} Qe6 {[%clk
1:30:30]} 20. Qxa6 {[%clk 1:30:30]} Nb8 {[%clk 1:30:30]} 21. Bxb8 {[%clk
1:30:30]} Qf5 {[%clk 1:30:30]} 22. Bd6 {[%clk 1:30:30]} Kd7 {[%clk 1:30:30]} 23.
Qb7+ {[%clk 1:30:30]} Kxd6 {[%clk 1:30:30]} 24. Qxe7+ {[%clk 1:30:30]} Kd5 {[%clk
1:30:30]} 25. Nb6# {[%clk 1:30:30]} 1-0

[Event "Campeonato España Sub 10"]
[Site "Salobreña"]
[Date "2017.07.07"]
[Round "7"]
[White "Villanueva Marquez, Santiago"]
[Black "Del Prado Rodriguez, Xulio"]
[Result "1/2-1/2"]
[Board "4"]
[WhiteElo "1517"]
[WhiteCountry "ESP"]
[WhiteFideId "24560359"]
[WhiteEloChange "-2"]
[BlackElo "1444"]
[BlackCountry "ESP"]
[BlackFideId "24544418"]
[BlackEloChange "2"]

1. c4 {[%clk 1:30:30]} Nf6 {[%clk 1:30:30]} 2. d4 {[%clk 1:30:30]} g6 {[%clk
1:30:30]} 3. Nc3 {[%clk 1:30:30]} Bg7 {[%clk 1:30:30]} 4. g3 {[%clk 1:30:30]} O-O
{[%clk 1:30:30]} 5. Bg2 {[%clk 1:30:30]} d6 {[%clk 1:30:30]} 6. e3 {[%clk
1:30:30]} Nbd7 {[%clk 1:30:30]} 7. Nge2 {[%clk 1:30:30]} e5 {[%clk 1:30:30]} 8.
O-O {[%clk 1:30:30]} Re8 {[%clk 1:30:30]} 9. Re1 {[%clk 1:30:30]} e4 {[%clk
1:30:30]} 10. Qc2 {[%clk 1:30:30]} Qe7 {[%clk 1:30:30]} 11. Nf4 {[%clk 1:30:30]}
c6 {[%clk 1:30:30]} 12. a3 {[%clk 1:30:30]} a5 {[%clk 1:30:30]} 13. Rb1 {[%clk
1:30:30]} Nf8 {[%clk 1:30:30]} 14. Bd2 {[%clk 1:30:30]} h5 {[%clk 1:30:30]} 15.
d5 {[%clk 1:30:30]} c5 {[%clk 1:30:30]} 16. Na4 {[%clk 1:30:30]} Ra6 {[%clk
1:30:30]} 17. b4 {[%clk 1:30:30]} axb4 {[%clk 1:30:30]} 18. axb4 {[%clk 1:30:30]}
Bd7 {[%clk 1:30:30]} 19. b5 {[%clk 1:30:30]} Ra7 {[%clk 1:30:30]} 20. Bc3 {[%clk
1:30:30]} N8h7 {[%clk 1:30:30]} 21. h4 {[%clk 1:30:30]} g5 {[%clk 1:30:30]} 22.
hxg5 {[%clk 1:30:30]} Nxg5 {[%clk 1:30:30]} 23. Nb6 {[%clk 1:30:30]} Bg4 {[%clk
1:30:30]} 24. Qb2 {[%clk 1:30:30]} Nf3+ {[%clk 1:30:30]} 25. Kh1 {[%clk 1:30:30]}
Nxe1 {[%clk 1:30:30]} 26. Rxe1 {[%clk 1:30:30]} Bf3 {[%clk 1:30:30]} 27. Rg1
{[%clk 1:30:30]} Kh7 {[%clk 1:30:30]} 28. Bxf3 {[%clk 1:30:30]} exf3 {[%clk
1:30:30]} 29. Nh3 {[%clk 1:30:30]} Ng4 {[%clk 1:30:30]} 30. Bxg7 {[%clk 1:30:30]}
f6 {[%clk 1:30:30]} 31. Bxf6 {[%clk 1:30:30]} Qxf6 {[%clk 1:30:30]} 32. Qc2+
{[%clk 1:30:30]} Qg6 {[%clk 1:30:30]} 33. Qd1 {[%clk 1:30:30]} Qf5 {[%clk
1:30:30]} 34. e4 {[%clk 1:30:30]} Rxe4 {[%clk 1:30:30]} 35. Qb1 {[%clk 1:30:30]}
Kg6 {[%clk 1:30:30]} 36. Nc8 {[%clk 1:30:30]} Qxc8 {[%clk 1:30:30]} 37. Qxe4+
{[%clk 1:30:30]} Qf5 {[%clk 1:30:30]} 38. Qe6+ {[%clk 1:30:30]} Qxe6 {[%clk
1:30:30]} 39. dxe6 {[%clk 1:30:30]} Kf6 {[%clk 1:30:30]} 40. Re1 {[%clk 1:30:30]}
b6 {[%clk 1:30:30]} 41. Kg1 {[%clk 1:30:30]} Ke7 {[%clk 1:30:30]} 42. Nf4 {[%clk
1:30:30]} Ra2 {[%clk 1:30:30]} 43. Nd5+ {[%clk 1:30:30]} Ke8 {[%clk 1:30:30]} 44.
e7 {[%clk 1:30:30]} Ne5 {[%clk 1:30:30]} 45. Nxb6 {[%clk 1:30:30]} Kxe7 {[%clk
1:30:30]} 46. Nd5+ {[%clk 1:30:30]} Kd7 {[%clk 1:30:30]} 47. Rb1 {[%clk 1:30:30]}
Kc8 {[%clk 1:30:30]} 48. Ne7+ {[%clk 1:30:30]} Kb7 {[%clk 1:30:30]} 49. Rc1
{[%clk 1:30:30]} Nd3 {[%clk 1:30:30]} 50. Rf1 {[%clk 1:30:30]} Rc2 {[%clk
1:30:30]} 51. Nf5 {[%clk 1:30:30]} Kc7 {[%clk 1:30:30]} 52. b6+ {[%clk 1:30:30]}
Kxb6 {[%clk 1:30:30]} 53. Nxd6 {[%clk 1:30:30]} Kc6 {[%clk 1:30:30]} 54. Nf7
{[%clk 1:30:30]} Rxc4 {[%clk 1:30:30]} 55. Rd1 {[%clk 1:30:30]} Rc1 {[%clk
1:30:30]} 56. Rxc1 {[%clk 1:30:30]} Nxc1 {[%clk 1:30:30]} 57. Ne5+ {[%clk
1:30:30]} Kd5 {[%clk 1:30:30]} 58. Nxf3 {[%clk 1:30:30]} c4 {[%clk 1:30:30]} 59.
Kg2 {[%clk 1:30:30]} 1/2-1/2

[Event "Campeonato España Sub 10"]
[Site "Salobreña"]
[Date "2017.07.07"]
[Round "7"]
[White "Fernandez Rosado, Roberto"]
[Black "Bellver Gorshenin, Maxim"]
[Result "0-1"]
[Board "5"]
[WhiteElo "1436"]
[WhiteCountry "ESP"]
[WhiteFideId "24594016"]
[WhiteEloChange "-6"]
[BlackElo "1595"]
[BlackCountry "ESP"]
[BlackFideId "24538671"]
[BlackEloChange "6"]

1. e4 {[%clk 1:30:30]} e5 {[%clk 1:30:30]} 2. Nf3 {[%clk 1:30:30]} Nc6 {[%clk
1:30:30]} 3. Bb5 {[%clk 1:30:30]} a6 {[%clk 1:30:30]} 4. Ba4 {[%clk 1:30:30]} Nf6
{[%clk 1:30:30]} 5. O-O {[%clk 1:30:30]} b5 {[%clk 1:30:30]} 6. Bb3 {[%clk
1:30:30]} Be7 {[%clk 1:30:30]} 7. d3 {[%clk 1:30:30]} d6 {[%clk 1:30:30]} 8. a4
{[%clk 1:30:30]} Bb7 {[%clk 1:30:30]} 9. Nc3 {[%clk 1:30:30]} b4 {[%clk 1:30:30]}
10. Ne2 {[%clk 1:30:30]} O-O {[%clk 1:30:30]} 11. Ng3 {[%clk 1:30:30]} Bc8 {[%clk
1:30:30]} 12. a5 {[%clk 1:30:30]} Bg4 {[%clk 1:30:30]} 13. c3 {[%clk 1:30:30]} d5
{[%clk 1:30:30]} 14. exd5 {[%clk 1:30:30]} Nxd5 {[%clk 1:30:30]} 15. h3 {[%clk
1:30:30]} Be6 {[%clk 1:30:30]} 16. c4 {[%clk 1:30:30]} Nf6 {[%clk 1:30:30]} 17.
Re1 {[%clk 1:30:30]} Bd6 {[%clk 1:30:30]} 18. Bg5 {[%clk 1:30:30]} h6 {[%clk
1:30:30]} 19. Bh4 {[%clk 1:30:30]} Be7 {[%clk 1:30:30]} 20. Nxe5 {[%clk 1:30:30]}
Nxe5 {[%clk 1:30:30]} 21. Rxe5 {[%clk 1:30:30]} Qd4 {[%clk 1:30:30]} 22. Bxf6
{[%clk 1:30:30]} Bxf6 {[%clk 1:30:30]} 23. Re4 {[%clk 1:30:30]} Qd6 {[%clk
1:30:30]} 24. Qe2 {[%clk 1:30:30]} Rad8 {[%clk 1:30:30]} 25. Rd1 {[%clk 1:30:30]}
Bd4 {[%clk 1:30:30]} 26. Kh1 {[%clk 1:30:30]} Qc5 {[%clk 1:30:30]} 27. Rh4 {[%clk
1:30:30]} Rfe8 {[%clk 1:30:30]} 28. Qf3 {[%clk 1:30:30]} Bxb2 {[%clk 1:30:30]}
29. Rh5 {[%clk 1:30:30]} Qd4 {[%clk 1:30:30]} 30. Ne4 {[%clk 1:30:30]} Qa7 {[%clk
1:30:30]} 31. Qg3 {[%clk 1:30:30]} Kh8 {[%clk 1:30:30]} 32. Ng5 {[%clk 1:30:30]}
Bd4 {[%clk 1:30:30]} 33. Qf3 {[%clk 1:30:30]} Kg8 {[%clk 1:30:30]} 34. Ne4 {[%clk
1:30:30]} Rd7 {[%clk 1:30:30]} 35. Ba4 {[%clk 1:30:30]} Rde7 {[%clk 1:30:30]} 36.
Bxe8 {[%clk 1:30:30]} Rxe8 {[%clk 1:30:30]} 37. Kg1 {[%clk 1:30:30]} b3 {[%clk
1:30:30]} 38. Rb1 {[%clk 1:30:30]} b2 {[%clk 1:30:30]} 39. Qd1 {[%clk 1:30:30]}
f5 {[%clk 1:30:30]} 40. Nd2 {[%clk 1:30:30]} Bxf2+ {[%clk 1:30:30]} 41. Kh1
{[%clk 1:30:30]} Rb8 {[%clk 1:30:30]} 42. Qc2 {[%clk 1:30:30]} g6 {[%clk
1:30:30]} 43. Rxh6 {[%clk 1:30:30]} Kg7 {[%clk 1:30:30]} 44. Rxb2 {[%clk
1:30:30]} Kxh6 {[%clk 1:30:30]} 45. Nf3 {[%clk 1:30:30]} Bc5 {[%clk 1:30:30]} 46.
d4 {[%clk 1:30:30]} Be7 {[%clk 1:30:30]} 47. d5 {[%clk 1:30:30]} Bg8 {[%clk
1:30:30]} 48. Qc3 {[%clk 1:30:30]} Rxb2 {[%clk 1:30:30]} 49. Qxb2 {[%clk
1:30:30]} Qc5 {[%clk 1:30:30]} 50. Qc3 {[%clk 1:30:30]} Qb4 {[%clk 1:30:30]} 51.
Qd4 {[%clk 1:30:30]} Qb1+ {[%clk 1:30:30]} 52. Ng1 {[%clk 1:30:30]} Qe4 {[%clk
1:30:30]} 53. Qc3 {[%clk 1:30:30]} Bc5 {[%clk 1:30:30]} 54. Qg3 {[%clk 1:30:30]}
Qb1 {[%clk 1:30:30]} 55. Qh2 {[%clk 1:30:30]} Qxg1+ {[%clk 1:30:30]} 56. Qxg1
{[%clk 1:30:30]} Bxg1 {[%clk 1:30:30]} 57. Kxg1 {[%clk 1:30:30]} Kg5 {[%clk
1:30:30]} 58. Kf2 {[%clk 1:30:30]} Kf4 {[%clk 1:30:30]} 59. Ke2 {[%clk 1:30:30]}
Ke4 {[%clk 1:30:30]} 60. Kd2 {[%clk 1:30:30]} Ke5 {[%clk 1:30:30]} 0-1

[Event "Campeonato España Sub 10"]
[Site "Salobreña"]
[Date "2017.07.07"]
[Round "7"]
[White "Andres Iniguez, Iker"]
[Black "Hernandez Hurtado, Jose Carlos"]
[Result "1/2-1/2"]
[Board "6"]
[WhiteElo "1709"]
[WhiteCountry "ESP"]
[WhiteFideId "24580740"]
[WhiteEloChange "-8"]
[BlackElo "1234"]
[BlackCountry "ESP"]
[BlackFideId "32096305"]
[BlackEloChange "8"]

1. d4 {[%clk 1:30:30]} d5 {[%clk 1:30:30]} 2. e3 {[%clk 1:30:30]} Nf6 {[%clk
1:30:30]} 3. Bd3 {[%clk 1:30:30]} c5 {[%clk 1:30:30]} 4. c3 {[%clk 1:30:30]} Nc6
{[%clk 1:30:30]} 5. dxc5 {[%clk 1:30:30]} e5 {[%clk 1:30:30]} 6. Nd2 {[%clk
1:30:30]} Bxc5 {[%clk 1:30:30]} 7. e4 {[%clk 1:30:30]} Qb6 {[%clk 1:30:30]} 8.
Qe2 {[%clk 1:30:30]} a5 {[%clk 1:30:30]} 9. Ngf3 {[%clk 1:30:30]} O-O {[%clk
1:30:30]} 10. O-O {[%clk 1:30:30]} Bg4 {[%clk 1:30:30]} 11. exd5 {[%clk 1:30:30]}
Nxd5 {[%clk 1:30:30]} 12. Nb3 {[%clk 1:30:30]} Rfe8 {[%clk 1:30:30]} 13. Bxh7+
{[%clk 1:30:30]} Kh8 {[%clk 1:30:30]} 14. Be4 {[%clk 1:30:30]} f5 {[%clk
1:30:30]} 15. Bxd5 {[%clk 1:30:30]} e4 {[%clk 1:30:30]} 16. Qc4 {[%clk 1:30:30]}
exf3 {[%clk 1:30:30]} 17. Qxc5 {[%clk 1:30:30]} Qxc5 {[%clk 1:30:30]} 18. Nxc5
{[%clk 1:30:30]} Re5 {[%clk 1:30:30]} 19. Bxc6 {[%clk 1:30:30]} bxc6 {[%clk
1:30:30]} 20. Nd3 {[%clk 1:30:30]} Re6 {[%clk 1:30:30]} 21. h3 {[%clk 1:30:30]}
fxg2 {[%clk 1:30:30]} 22. Kxg2 {[%clk 1:30:30]} Be2 {[%clk 1:30:30]} 23. Re1
{[%clk 1:30:30]} Rg6+ {[%clk 1:30:30]} 24. Kh2 {[%clk 1:30:30]} Bxd3 {[%clk
1:30:30]} 25. Bf4 {[%clk 1:30:30]} Be4 {[%clk 1:30:30]} 26. Rg1 {[%clk 1:30:30]}
Re6 {[%clk 1:30:30]} 27. Be3 {[%clk 1:30:30]} Rb8 {[%clk 1:30:30]} 28. b3 {[%clk
1:30:30]} Rf8 {[%clk 1:30:30]} 29. Bd4 {[%clk 1:30:30]} Rf7 {[%clk 1:30:30]} 30.
Bb6 {[%clk 1:30:30]} Re5 {[%clk 1:30:30]} 31. c4 {[%clk 1:30:30]} Rb7 {[%clk
1:30:30]} 32. Bd8 {[%clk 1:30:30]} Rd7 {[%clk 1:30:30]} 33. Rad1 {[%clk 1:30:30]}
Bd3 {[%clk 1:30:30]} 34. Bg5 {[%clk 1:30:30]} Re6 {[%clk 1:30:30]} 35. Rg3 {[%clk
1:30:30]} Rg6 {[%clk 1:30:30]} 36. h4 {[%clk 1:30:30]} f4 {[%clk 1:30:30]} 37.
Rgxd3 {[%clk 1:30:30]} Rf7 {[%clk 1:30:30]} 38. Rf3 {[%clk 1:30:30]} Rf5 {[%clk
1:30:30]} 39. Rd8+ {[%clk 1:30:30]} Kh7 {[%clk 1:30:30]} 40. Rxf4 {[%clk
1:30:30]} Rgxg5 {[%clk 1:30:30]} 41. hxg5 {[%clk 1:30:30]} Rxf4 {[%clk 1:30:30]}
42. Kg3 {[%clk 1:30:30]} Re4 {[%clk 1:30:30]} 1/2-1/2

[Event "Campeonato España Sub 10"]
[Site "Salobreña"]
[Date "2017.07.07"]
[Round "7"]
[White "Rodriguez Lopez, Sergio"]
[Black "Horcajuelo Rocamora, Martin"]
[Result "1-0"]
[Board "7"]
[WhiteElo "1376"]
[WhiteCountry "ESP"]
[WhiteFideId "24504777"]
[WhiteEloChange "11"]
[BlackElo "1421"]
[BlackCountry "ESP"]
[BlackFideId "24573027"]
[BlackEloChange "-11"]

1. e4 {[%clk 1:30:30]} e5 {[%clk 1:30:30]} 2. Nf3 {[%clk 1:30:30]} Nc6 {[%clk
1:30:30]} 3. Bb5 {[%clk 1:30:30]} a6 {[%clk 1:30:30]} 4. Ba4 {[%clk 1:30:30]}
Nge7 {[%clk 1:30:30]} 5. O-O {[%clk 1:30:30]} g6 {[%clk 1:30:30]} 6. c3 {[%clk
1:30:30]} Bg7 {[%clk 1:30:30]} 7. Re1 {[%clk 1:30:30]} O-O {[%clk 1:30:30]} 8. d4
{[%clk 1:30:30]} exd4 {[%clk 1:30:30]} 9. cxd4 {[%clk 1:30:30]} d6 {[%clk
1:30:30]} 10. h3 {[%clk 1:30:30]} h6 {[%clk 1:30:30]} 11. Be3 {[%clk 1:30:30]} f5
{[%clk 1:30:30]} 12. Nc3 {[%clk 1:30:30]} f4 {[%clk 1:30:30]} 13. Bc1 {[%clk
1:30:30]} g5 {[%clk 1:30:30]} 14. d5 {[%clk 1:30:30]} Ne5 {[%clk 1:30:30]} 15.
Nxe5 {[%clk 1:30:30]} dxe5 {[%clk 1:30:30]} 16. Bb3 {[%clk 1:30:30]} Kh7 {[%clk
1:30:30]} 17. Bd2 {[%clk 1:30:30]} Qe8 {[%clk 1:30:30]} 18. Na4 {[%clk 1:30:30]}
h5 {[%clk 1:30:30]} 19. Bb4 {[%clk 1:30:30]} g4 {[%clk 1:30:30]} 20. d6 {[%clk
1:30:30]} cxd6 {[%clk 1:30:30]} 21. Qxd6 {[%clk 1:30:30]} Ng6 {[%clk 1:30:30]}
22. Nb6 {[%clk 1:30:30]} Rf6 {[%clk 1:30:30]} 23. Qc7 {[%clk 1:30:30]} Rc6 {[%clk
1:30:30]} 24. Ba4 {[%clk 1:30:30]} Rxc7 {[%clk 1:30:30]} 25. Bxe8 {[%clk
1:30:30]} Ra7 {[%clk 1:30:30]} 26. Bd6 {[%clk 1:30:30]} Rc2 {[%clk 1:30:30]} 27.
Bb8 {[%clk 1:30:30]} gxh3 {[%clk 1:30:30]} 28. Bxg6+ {[%clk 1:30:30]} Kxg6 {[%clk
1:30:30]} 29. Bxa7 {[%clk 1:30:30]} Bg4 {[%clk 1:30:30]} 30. gxh3 {[%clk
1:30:30]} Bxh3 {[%clk 1:30:30]} 31. b3 {[%clk 1:30:30]} f3 {[%clk 1:30:30]} 32.
Nd5 {[%clk 1:30:30]} h4 {[%clk 1:30:30]} 33. Kh2 {[%clk 1:30:30]} Bg2 {[%clk
1:30:30]} 34. Rg1 {[%clk 1:30:30]} h3 {[%clk 1:30:30]} 35. Ne3 {[%clk 1:30:30]}
Rc3 {[%clk 1:30:30]} 36. Nxg2 {[%clk 1:30:30]} fxg2 {[%clk 1:30:30]} 37. Be3
{[%clk 1:30:30]} Bh6 {[%clk 1:30:30]} 38. Kxh3 {[%clk 1:30:30]} Bxe3 {[%clk
1:30:30]} 39. fxe3 {[%clk 1:30:30]} Rxe3+ {[%clk 1:30:30]} 40. Kxg2 {[%clk
1:30:30]} Kh5 {[%clk 1:30:30]} 41. Kf2 {[%clk 1:30:30]} Rxe4 {[%clk 1:30:30]} 42.
Rg8 {[%clk 1:30:30]} Rb4 {[%clk 1:30:30]} 43. Rh1+ {[%clk 1:30:30]} 1-0